The Balkans : (Record no. 3019)

MARC details
000 -LEADER
fixed length control field 01716cam a2200349 a 4500
001 - CONTROL NUMBER
control field 3019
003 - CONTROL NUMBER IDENTIFIER
control field FISKH
005 - DATE AND TIME OF LATEST TRANSACTION
control field 20240130155334.0
008 - FIXED-LENGTH DATA ELEMENTS--GENERAL INFORMATION
fixed length control field 991210s2000 nyub b 001 0 eng
010 ## - LIBRARY OF CONGRESS CONTROL NUMBER
LC control number 99089564
020 ## - INTERNATIONAL STANDARD BOOK NUMBER
International Standard Book Number 0670853380
020 ## - INTERNATIONAL STANDARD BOOK NUMBER
International Standard Book Number 9780140233773
040 ## - CATALOGING SOURCE
Original cataloging agency DLC
Transcribing agency DLC
Modifying agency DLC
Language of cataloging eng
043 ## - GEOGRAPHIC AREA CODE
Geographic area code ed-----
050 00 - LIBRARY OF CONGRESS CALL NUMBER
Classification number DR43
Item number .G58 2000
082 00 - DEWEY DECIMAL CLASSIFICATION NUMBER
Classification number 949.6/028
Edition number 21
100 1# - MAIN ENTRY--PERSONAL NAME
Personal name Glenny, Misha
245 14 - TITLE STATEMENT
Title The Balkans :
Remainder of title nationalism, war, and the Great Powers, 1804-1999 /
Statement of responsibility, etc. Misha Glenny.
250 ## - EDITION STATEMENT
Edition statement Published in Penguin Books 2001
260 ## - PUBLICATION, DISTRIBUTION, ETC.
Place of publication, distribution, etc. New York :
Name of publisher, distributor, etc. Viking ;
Date of publication, distribution, etc. 2000
300 ## - PHYSICAL DESCRIPTION
Extent xxvi, 726 pages :
Other physical details maps ;
Dimensions 22 cm.
504 ## - BIBLIOGRAPHY, ETC. NOTE
Bibliography, etc. note Includes bibliographical references (p. [687]-700) and index.
520 ## - SUMMARY, ETC.
Summary, etc. A survey of two centuries of history, by Britain's commentator on the Balkans, Misha Glenny. It offers general readers a single narrative that explains the background to the terrible events on their television screens and provides insights into the roots of the region's reputation for violence. It also explores the origins of modern Serbia, Croatia, Bosnia, Greece, Bulgaria and Albania.
650 #0 - SUBJECT ADDED ENTRY--TOPICAL TERM
Topical term or geographic name entry element Nationalism
Geographic subdivision Balkan Peninsula.
651 #0 - SUBJECT ADDED ENTRY--GEOGRAPHIC NAME
Geographic name Balkan Peninsula
General subdivision Politics and government
Chronological subdivision 19th century.
651 #0 - SUBJECT ADDED ENTRY--GEOGRAPHIC NAME
Geographic name Balkan Peninsula
General subdivision Politics and government
Chronological subdivision 20th century.
856 42 - ELECTRONIC LOCATION AND ACCESS
Materials specified Contributor biographical information
Uniform Resource Identifier <a href="http://www.loc.gov/catdir/enhancements/fy1209/99089564-b.html">http://www.loc.gov/catdir/enhancements/fy1209/99089564-b.html</a>
906 ## - LOCAL DATA ELEMENT F, LDF (RLIN)
a 7
b cbc
c orignew
d 1
e ocip
f 19
g y-gencatlg
942 ## - ADDED ENTRY ELEMENTS (KOHA)
Source of classification or shelving scheme Dewey Decimal Classification
Koha item type Books
Suppress in OPAC No
Holdings
Withdrawn status Lost status Source of classification or shelving scheme Damaged status Not for loan Collection Home library Current library Shelving location Date acquired Total Checkouts Full call number Barcode Date last seen Price effective from Koha item type
    Dewey Decimal Classification     Non-Fiction Footprints International School Library Network Toul Kork Campus Footprints International School Library Network Toul Kork Campus   01/30/2024   GLE 949.6 DR43.G58 2024-0065 01/30/2024 01/30/2024 Books